000 00456nam a2200157Ia 4500
005 20241217133124.0
008 231217s9999 xx 000 0 und d
020 _a9789325965027
082 _a001.42 CHA;1 R
100 _aChawala, Deepak. Sondhi, Neena.
245 0 _aResearch methodology : concepts and cases prescribed text in VTU
260 _c2011
_bVikas Publishing house
_aNoida
300 _axxii, 670
650 _amethodology
942 _cAA
999 _c195832
_d195832